Il linguaggio del corpo

সংরক্ষণ করুন:
গ্রন্থ-পঞ্জীর বিবরন
প্রধান লেখক: Lowen Alexander
বিন্যাস: গ্রন্থ
ভাষা:অজানা বা ভুল ভাষা
প্রকাশিত: Milano Feltrinelli 2001
ট্যাগগুলো: ট্যাগ যুক্ত করুন
কোনো ট্যাগ নেই, প্রথমজন হিসাবে ট্যাগ করুন!

MARC

LEADER 00000nam a2200000Ia 4500
001 230
003 NUMERAZIONE-ORIGINALE-BRESCIA
005 20260206230750.0
008 260206s9999 xx 000 0 und d
100 |a Lowen Alexander 
245 0 |a Il linguaggio del corpo 
260 |a Milano 
260 |b Feltrinelli 
260 |c 2001 
500 |a Campi del Sapere 
942 |2 ddc  |c BK  |n 0 
952 |0 0  |1 0  |2 ddc  |4 0  |6 12  |7 0  |9 28430  |a BS  |b BS  |d 2026-02-06  |i 230  |l 0  |o 1-2-*  |r 2026-02-06 22:40:35  |w 2026-02-06  |x [REVISIONARE]  |y BK 
999 |c 24111  |d 24111